O Quiz do Pelé - Statistics

Estatísticas Gerais
  • Esse quiz foi jogado 154 vezes
    153 desde o último reset
  • A pontuação média é 17 de 24
Estatísticas das Respostas
Dica Resposta % Correto
Clube profissional que ele já jogou Santos FC
93%
A Copa do Mundo que ele ganhou 1958
92%
País que ele jogou Brasil
92%
Seu nome completo Edson Arantes do Nascimento
92%
Idade em sua primeira vitória em Copas 17
91%
A Copa do Mundo que ele ganhou 1962
91%
A Copa do Mundo que ele ganhou 1970
91%
Número de Bolas de Ouro 7
85%
Estado onde o acima está localizado Minas Gerais
84%
Cidade em que morreu São Paulo
82%
Clube profissional que ele já jogou New York Cosmos
80%
Conhecido como... ...o Rei do Futebol
79%
Idade na morte 82
76%
Seu local de nascimento Três Corações
74%
Ano de aposentadoria no futebol profissional 1977 (futebol profissional)
62%
Causa da morte Câncer colorretal
58%
Adversário no jogo de seu milésimo gol Vasco da Gama
58%
Ano de aposentadoria na Seleção Brasileira 1971 (Seleção Brasileira)
52%
Data da morte 28 de dezembro de 2022
48%
Número total de troféus ganhos por ele 36
48%
Parou uma guerra nesse país durante uma excursão do clube em 1969 Nigéria
47%
Sua data de nascimento 23 de outubro de 1940
44%
Cidade costeira nordestina cujo principal estádio leva seu nome Maceió
38%
Filha renegada que ele teve fora do casamento Sandra Regina Machado
24%
Nenhum quiz correspondente encontrado
Distribuição das Pontuações
Porcentagem de Pessoas com Cada Pontuação
Percentil de Números Respondidos
Sua Pontuação Histórica
Você não jogou esse quiz desde o último reset